| 000 | 00491nam a2200205Ia 4500 | ||
|---|---|---|---|
| 005 | 20250425161610.0 | ||
| 008 | 250425s9999 xx 000 0 und d | ||
| 020 | _a0910554366 | ||
| 041 | _aeng | ||
| 082 | _a624.1513608 | ||
| 100 | _aDAS, BRAJA M. | ||
| 245 | 0 | _aSOIL MECHANICS LABORATORY MANUAL | |
| 250 | _aS.E. | ||
| 260 |
_aEstados Unidos _bENGINEERING PRESS _c1982 |
||
| 260 | _aSAN JOSE | ||
| 300 | _a248 | ||
| 650 | _aMECANICA DE SUELOS | ||
| 942 | _c01 | ||
| 010 | _a23976 | ||
| 999 |
_c212328 _d212328 |
||